000 00214nam a2200121Ia 4500
100 _a#N/A
942 _cBK
245 _aCentos 5 DVD i386
260 _b#N/A
082 _b21546
546 _aENGLISH
999 _c28841
_d28841